History Quiz

Random History or Celebrity Quiz

When They Were Young (Historical Figures) Quiz Stats

 Plays Quiz Updated Oct 13, 2012

Challenge
Share
Tweet
Score 0/24 Timer 08:00
0 Plays Today
# Personalities % Correct
12.Muhammad Ali
93.5%
9.Franklin D. Roosevelt
82.1%
13.Frank Sinatra
54.8%
7.Adolf Hitler
51.8%
4.Mohandas Karamchand Gandhi
45%
2.Joseph Stalin
40.7%
18.Winston Churchill
37.4%
1.Albert Einstein
35%
22.Salvador Dalí
31%
15.Elvis Presley
29.6%
17.Bruce Lee
26.4%
6.Charles Chaplin
26.2%
# Personalities % Correct
24.Marilyn Monroe
23.6%
10.Alfred Hitchcock
22.6%
16.Vladimir Lenin
18.9%
5.Ernesto Che Guevara
14.5%
8.Thomas Edison
13.2%
23.Benito Mussolini
12.5%
14.Mother Teresa
10.7%
19.Sigmund Freud
10.3%
21.Steven Spielberg
7.4%
3.Pablo Picasso
7.2%
20.Luciano Pavarotti
5.9%
11.Vincent van Gogh
4.8%

You're not logged in!

Compare scores with friends on all Sporcle quizzes.
Join for Free
OR
Log In

You Might Also Like...

Show Comments

Extras

Top Quizzes Today


Score Distribution

Your Account Isn't Verified!

In order to create a playlist on Sporcle, you need to verify the email address you used during registration. Go to your Sporcle Settings to finish the process.

Report this User

Report this user for behavior that violates our Community Guidelines.

Details: